000 00544nam a22001697a 4500
005 20230426085758.0
008 230314b ag ||||| |||| 00| 0 spa d
020 _a9508941723
050 0 4 _aKHA5875
_b L83 1989
100 1 _aLuca, Javier Augusto de
245 1 e _aEl secreto de las fuentes periodísticas en el proceso penal
_c/ Javier Augusto de Luca.
250 _a1a ed.
260 _aBuenos Aires :
_bAd-Hoc,
_c1989
300 _a127 p. ;
_c23 cm.
650 7 _2lemb
_aProcedimiento penal
_vFuentes
_xPeriodismo
_zArgentina
942 _2lcc
_cLIB
999 _c48560
_d48560